| 000 | 00776nam a2200253 i 4500 | ||
|---|---|---|---|
| 001 | 7293 | ||
| 003 | ES-MaACL | ||
| 005 | 20250528160219.0 | ||
| 007 | t| | ||
| 008 | 901116s1990 sp ||||1| spa d | ||
| 020 | _a84-7880-045-X | ||
| 080 | _a398.3 | ||
| 100 | 1 |
_aPalomino, Angel. _988695 |
|
| 245 | 1 | 0 |
_aSupersticiones, gafes y otras tropelias / _cAngel Palomino ; ilustraciones de Antonio Mingote. |
| 250 | _a1a ed. | ||
| 260 |
_aMadrid : _bTemas de Hoy, _c1990. |
||
| 300 |
_a239 p. : _bil. ; _c20 cm. |
||
| 490 | 1 |
_aEl Papagayo ; _v29 |
|
| 650 | 1 | 4 |
_aSupersticiones. _917264 |
| 700 | 1 |
_aMingote, Antonio, _d1919-2012 _9240761 |
|
| 830 | 0 |
_aEl Papagayo ; _v29 _9177849 |
|
| 852 |
_aES-MaACL _jL-14564 _bR.118549 _z. - rust. |
||
| 999 |
_c7293 _d7293 |
||